[Event "Zlin Region-chT 2223"]
[Site "Czech Republic"]
[Date "2023.04.02"]
[Round "11.5"]
[White "Dvoracek, Matyas"]
[Black "Trcalek, Lukas"]
[Result "1-0"]
[WhiteElo "1754"]
[BlackElo "1701"]
[PlyCount "53"]
[EventDate "2022.10.09"]
[EventType "team-tourn"]
[EventRounds "11"]
[EventCountry "CZE"]
[SourceTitle "EXT 2024"]
[Source "ChessBase"]
[SourceDate "2023.10.10"]
[SourceVersion "1"]
[SourceVersionDate "2023.10.10"]
[SourceQuality "1"]
[WhiteTeam "Postoupky Sokol"]
[BlackTeam "Usti Sokol"]
[WhiteTeamCountry "CZE"]
[BlackTeamCountry "CZE"]

1. e4 e5 2. Nf3 Nc6 3. d4 exd4 4. Bc4 d6 5. Nxd4 Nxd4 6. Qxd4 Nf6 7. Nc3 Be7 8. 0-0 0-0 9. Bg5 a6 10. a4 Re8 11. Rfe1 h6 12. Bh4 Rb8 13. f4 Be6 14. Rad1 Bxc4 15. Qxc4 Nh5 16. Bxe7 Rxe7 17. e5 g6 18. Nd5 Re6 19. Qxc7 Qxc7 20. Nxc7 Re7 21. exd6 Rxe1+ 22. Rxe1 Rd8 23. Rd1 Nxf4 24. c4 g5 25. c5 f6 26. g3 Ng6 27. Nxa6 1-0

[Event "Zlin Region-chT 2223"]
[Site "Czech Republic"]
[Date "2023.02.12"]
[Round "8.5"]
[White "Jasny, Igor"]
[Black "Dvoracek, Matyas"]
[Result "1/2-1/2"]
[WhiteElo "1913"]
[BlackElo "1754"]
[PlyCount "87"]
[EventDate "2022.10.09"]
[EventType "team-tourn"]
[EventRounds "11"]
[EventCountry "CZE"]
[SourceTitle "EXT 2024"]
[Source "ChessBase"]
[SourceDate "2023.10.10"]
[SourceVersion "1"]
[SourceVersionDate "2023.10.10"]
[SourceQuality "1"]
[WhiteTeam "Valasska Bystrice Sokol"]
[BlackTeam "Postoupky Sokol"]
[WhiteTeamCountry "CZE"]
[BlackTeamCountry "CZE"]

1. e4 c5 2. b3 Nc6 3. Bb2 d6 4. Bb5 Bd7 5. Ne2 Nf6 6. d3 a6 7. Bxc6 Bxc6 8. 0-0 e6 9. Nd2 Be7 10. Ng3 0-0 11. Nc4 b5 12. Ne3 d5 13. Ng4 dxe4 14. Nxf6+ Bxf6 15. Bxf6 Qxf6 16. Nxe4 Bxe4 17. dxe4 Rfd8 18. Qe2 Qc3 19. a4 Rd2 20. Qe3 Qxe3 21. fxe3 bxa4 22. Rxa4 Rxc2 23. Rfa1 g6 24. Rxa6 Rxa6 25. Rxa6 Rc3 26. Kf2 Rxb3 27. Ra2 c4 28. Rc2 c3 29. Ke2 Kg7 30. Kd3 Kf6 31. Rf2+ Kg7 32. Rc2 Rb2 33. e5 Rb5 34. Ke4 Rc5 35. g3 g5 36. h3 h5 37. Kd4 Rd5+ 38. Ke4 Rd2 39. Rxc3 Rh2 40. Kf3 Rxh3 41. Kg2 g4 42. Rc5 Kf8 43. Ra5 Ke8 44. Rb5 1/2-1/2

[Event "Zlin Region-chT 2223"]
[Site "Czech Republic"]
[Date "2023.01.15"]
[Round "6.5"]
[White "Partys, Petr"]
[Black "Dvoracek, Matyas"]
[Result "1/2-1/2"]
[WhiteElo "2017"]
[BlackElo "1754"]
[PlyCount "39"]
[EventDate "2022.10.09"]
[EventType "team-tourn"]
[EventRounds "11"]
[EventCountry "CZE"]
[SourceTitle "EXT 2024"]
[Source "ChessBase"]
[SourceDate "2023.10.10"]
[SourceVersion "1"]
[SourceVersionDate "2023.10.10"]
[SourceQuality "1"]
[WhiteTeam "Stare Mesto  III"]
[BlackTeam "Postoupky Sokol"]
[WhiteTeamCountry "CZE"]
[BlackTeamCountry "CZE"]

1. d4 Nf6 2. c4 c5 3. d5 b5 4. cxb5 a6 5. f3 d6 6. e4 Nbd7 7. Na3 g6 8. Ne2 Bg7 9. Nc3 0-0 10. bxa6 Qa5 11. Nc4 Qd8 12. Bd3 Bxa6 13. 0-0 Nb6 14. Qe2 Nfd7 15. Bf4 Nxc4 16. Bxc4 Bxc4 17. Qxc4 Ne5 18. Qe2 Qb6 19. Kh1 Rfb8 20. Rab1 1/2-1/2

[Event "Zlin Region-chT 2223"]
[Site "Czech Republic"]
[Date "2022.10.23"]
[Round "2.6"]
[White "Dvoracek, Matyas"]
[Black "Svoboda, Rostislav"]
[Result "1-0"]
[WhiteElo "1754"]
[BlackElo "1963"]
[PlyCount "105"]
[EventDate "2022.10.09"]
[EventType "team-tourn"]
[EventRounds "11"]
[EventCountry "CZE"]
[SourceTitle "EXT 2024"]
[Source "ChessBase"]
[SourceDate "2023.10.10"]
[SourceVersion "1"]
[SourceVersionDate "2023.10.10"]
[SourceQuality "1"]
[WhiteTeam "Postoupky Sokol"]
[BlackTeam "Zlin II"]
[WhiteTeamCountry "CZE"]
[BlackTeamCountry "CZE"]

1. e4 e6 2. d4 d5 3. Nd2 Nf6 4. e5 Nfd7 5. Bd3 c5 6. c3 Nc6 7. Ne2 cxd4 8. cxd4 f6 9. exf6 Nxf6 10. Nf3 Bd6 11. 0-0 Qc7 12. Bg5 0-0 13. Bh4 g6 14. Rc1 Qg7 15. Bg3 Bxg3 16. fxg3 Bd7 17. Bb1 Qh6 18. Qd3 Ng4 19. Nf4 Rad8 20. Rce1 e5 21. dxe5 Bf5 22. Qd1 Bxb1 23. Qxb1 Rfe8 24. e6 d4 25. h3 Ne3 26. Rf2 g5 27. Nd3 Rxe6 28. b4 g4 29. hxg4 Nxg4 30. Rfe2 Rxe2 31. Rxe2 Qd6 32. b5 Ne7 33. Qb3+ Kh8 34. Nfe5 Nh6 35. Nf4 Rc8 36. Nf7+ Nxf7 37. Qxf7 Ng8 38. Re6 Rc1+ 39. Kh2 Qc5 40. Nh5 Qg5 41. Nf4 Rf1 42. Qd7 Qg7 43. Qd5 Nf6 44. Qd8+ Ng8 45. Qh4 Qf7 46. Ng6+ Kg7 47. Qxd4+ Rf6 48. Nf4 Kh6 49. Re5 Qxa2 50. Nh5 Rf2 51. Qe3+ Kg6 52. Qg5+ Kf7 53. Qg7# 1-0